Detalles MARC
| 000 -CABECERA |
| Longitud fija campo de control |
01025nam a2200301Ia 4500 |
| 005 - • FECHA Y HORA DE LA ÚLTIMA TRANSACCIÓN |
| Fecha y hora de la última transacción |
20220317001109.0 |
| 007 - • CAMPO FIJO DE DESCRIPCIÓN FÍSICA |
| Campo fijo de descripción física |
ta |
| 008 - • CÓDIGOS DE INFORMACIÓN DE LONGITUD FIJA |
| Códigos de información de longitud fija |
210809r19942006ck a er 000 0 spa d |
| 020 ## - • NÚMERO INTERNACIONAL NORMALIZADO PARA LIBROS |
| Número Internacional Normalizado para Libros (ISBN) |
9583010901 |
| 020 ## - • NÚMERO INTERNACIONAL NORMALIZADO PARA LIBROS |
| Número Internacional Normalizado para Libros (ISBN) |
9789583010903 |
| 040 ## - FUENTE DE LA CATALOGACIÓN |
| Centro catalogador de origen |
CO-BoRNBP |
| Lengua de catalogación |
spa |
| Normas de descripción |
rda |
| Centro transcriptor |
CO-BoRNBP |
| 082 04 - • NÚMERO DE LA CLASIFICACIÓN DECIMAL DEWEY |
| Número de clasificación (R) |
797.21 |
| Número del ítem |
P27na |
| Número de edición |
22 |
| 100 1# - • PUNTO DE ACCESO PRINCIPAL-NOMBRE DE PERSONA |
| Nombre de persona |
Perea Rosero, Tucídides |
| Fechas asociadas al nombre |
1933- |
| 245 10 - • TITULO PROPIAMENTE DICHO |
| Título |
Natación II |
| Resto del título |
polo acuático y nado sincronizado |
| Mención de responsabilidad, etc. |
Tucídides Perea Rosero |
| 250 ## - • MENCIÓN DE EDICIÓN |
| Mención de edición |
Primera edición, segunda edición |
| 264 ## - PRODUCCIÓN, PUBLICACIÓN , DISTRIBUCIÓN, FABRICACIÓN Y COPYRIGHT |
| Lugar de producción, publicación, distribución, fabricación |
Bogotá |
| Nombre del productor, editor, distribuidor, fabricante |
Panamericana Editorial |
| Fecha de de producción, publicación, distribución, fabricación o copyright |
1994 |
| -- |
2006 |
| 300 ## - • DESCRIPCIÓN FÍSICA |
| Extensión |
318 páginas |
| Otras características físicas |
ilustraciones |
| Dimensiones |
16 cm |
| 336 ## - TIPO DE CONTENIDO |
| Término de tipo de contenido |
texto |
| Código de tipo de contenido |
txt |
| Fuente |
rdacontent |
| 337 ## - TIPO DE MEDIO |
| Nombre del tipo de medio |
sin mediación |
| Código del tipo de medio |
n |
| Fuente |
rdamedia |
| 338 ## - TIPO DE SOPORTE |
| Nombre del tipo de soporte |
volumen |
| Código del tipo de soporte |
nc |
| Fuente |
rdacarrier |
| 490 ## - • MENCIÓN DE SERIE |
| Mención de serie |
Reglamento oficial ilustrado |
| 521 ## - • NOTA DE PÚBLICO DESTINATARIO |
| Nota público destinatario (R ) |
Recomendado para un público adulto |
| 650 14 - • PUNTO DE ACCESO ADICIONAL DE MATERIA - TÉRMINO DE MATERIA |
| Término de materia o nombre geográfico como elemento inicial |
Natación |
| Subdivisión de materia general |
Reglamentos |
| Fuente del encabezamiento o término |
LEMB |
| 650 14 - • PUNTO DE ACCESO ADICIONAL DE MATERIA - TÉRMINO DE MATERIA |
| Término de materia o nombre geográfico como elemento inicial |
Natación |
| Subdivisión de materia general |
Enseñanza |
| Fuente del encabezamiento o término |
LEMB |
| 650 14 - • PUNTO DE ACCESO ADICIONAL DE MATERIA - TÉRMINO DE MATERIA |
| Término de materia o nombre geográfico como elemento inicial |
Natación |
| Subdivisión de materia general |
Técnicas |
| Fuente del encabezamiento o término |
LEMB |
| 650 14 - • PUNTO DE ACCESO ADICIONAL DE MATERIA - TÉRMINO DE MATERIA |
| Término de materia o nombre geográfico como elemento inicial |
Deportes náuticos |
| Subdivisión de materia general |
Reglamentos |
| Fuente del encabezamiento o término |
LEMB |
| 942 ## - ENTRADA DE ELEMENTOS AGREGADOS (KOHA) |
| Fuente de clasificaión o esquema |
Dewey Decimal Classification |
| Koha [por defecto] tipo de item |
LIbro |